Study of Routing Algorithms and Simulate Dijkstra and Bellman-Ford Algorithms on PC (Record no. 327403)
[ view plain ]
| 000 -LEADER | |
|---|---|
| fixed length control field | 00398 a2200133 4500 |
| 001 - CONTROL NUMBER | |
| control field | 92330 |
| 082 ## - DEWEY DECIMAL CLASSIFICATION NUMBER | |
| Classification number | PR 2384 |
| 090 ## - LOCALLY ASSIGNED LC-TYPE CALL NUMBER (OCLC); LOCAL CALL NUMBER (RLIN) | |
| -- | 44286 |
| -- | 44287 |
| 100 ## - MAIN ENTRY--PERSONAL NAME | |
| Personal name | Nauman Masood;Prof Muhammad Zahid(Advisor) |
| 245 ## - TITLE STATEMENT | |
| Title | Study of Routing Algorithms and Simulate Dijkstra and Bellman-Ford Algorithms on PC |
| Number of part/section of a work | 60'B' EC |
| 260 ## - PUBLICATION, DISTRIBUTION, ETC. | |
| Place of publication, distribution, etc. | Islamabad |
| Name of publisher, distributor, etc. | NUST |
| Date of publication, distribution, etc. | 2005 |
| 300 ## - PHYSICAL DESCRIPTION | |
| Extent | vii,139p. |
| 500 ## - GENERAL NOTE | |
| General note | BE Project Report |
| 942 ## - ADDED ENTRY ELEMENTS (KOHA) | |
| Institution code [OBSOLETE] | CAE NUST |
| Call number prefix | PR 2384 |
| Withdrawn status | Lost status | Damaged status | Not for loan | Collection code | Permanent Location | Current Location | Date acquired | Total Checkouts | Full call number | Barcode | Date last seen | Price effective from | Koha item type |
|---|---|---|---|---|---|---|---|---|---|---|---|---|---|
| College of Aeronautical Engineering (CAE) | College of Aeronautical Engineering (CAE) | 04/03/2017 | PR 2384 | CAEPR-2384 | 04/05/2017 | 04/05/2017 | Book |
